Harry Potter and the Sorcerer's Stone Quiz - Statistics

General Stats
  • This quiz has been taken 12,417 times
    10,892 since last reset
  • The average score is 8 of 10
Answer Stats
Question Answer % Correct
______ told Harry he was a wizard. Hagrid
100%
Harry played ______ in the Gryffindor Quidditch team. Seeker
97%
The train at platform ______ at eleven o'clock was the Hogwarts Express. Nine and Three-Quarters
90%
Harry could _____ to the snake at the zoo. Speak
90%
_____ __________ was the headmaster of Hogwarts during Harry's first year. Albus Dumbledore
89%
_______ wrote Harry Potter. J. K. Rowling
85%
Aunt ______ and Uncle ______ found their nephew Harry on their doorstep ten years ago. Aunt Petunia and Uncle Vernon
83%
Harry's two best friends are called Ron ______ and ______ Granger. Weasley, Hermione
83%
Professor _______ was the man with two faces Harry met in the area under the trapdoor. Professor Quirrel
79%
Harry saw his parents and ______ in the Mirror of Erised when he discovered the mirror. Family
42%
No matching quizzes found
Score Distribution
Percent of People with Each Score
Percentile by Number Answered
Your Score History
You have not taken this quiz since the last reset